ბათუმის შოთა რუსთაველის სახელმწიფო უნივერსიტეტის ბიბლიოთეკა

მათემატიკური მოდელები ეკოლოგიასა და მედიცინაში / (ბიბ.ჩანაწერი № 38477)

000 -ლიდერი
ფიქსირებული სიგრძის საკონტროლო ველი 01256nam a2200253Ia 4500
001 - საკონტროლო ნომერი
საკონტროლო ველი 4490
003 - საკონტროლო ნომრის იდენტიფიკატორი
საკონტროლო ველი GE_BSU
005 - ბოლო ოპერაციის თარიღი და დრო
საკონტროლო ველი 20191016150354.0
008 - ფიქსირებული სიგრძის მონაცემთა ელემენტები - ზოგადი ინფორმაცია
ფიქსირებული სიგრძის საკონტროლო ველი 181216s2011||||ge |||||||||||||| ||geo||
020 ## - წიგნის საერთაშორისო სტანდარტული ნომერი
International Standard Book Number 978994103706
040 ## - კატალოგიზაციის წყარო
Transcribing agency GE_BSU
041 ## - ენის კოდი
Language code of text/sound track or separate title geo
080 ## - უნივერსალური ათობითი კლასიფიკაციის ინდექსი
Universal Decimal Classification number 519.87:574 + 519.87:61 ძ-63
100 ## - მთავარი ჩანაწერი - პიროვნების სახელი
Personal name ძიძიგური, ციალა.
9 (RLIN) 4160
245 ## - ცნობა სათაურის შესახებ
Title მათემატიკური მოდელები ეკოლოგიასა და მედიცინაში /
Statement of responsibility, etc ციალა ძიძიგური ; თემურ ჩილაჩავა ; რედ : ჰამლეტ მელაძე.
264 ## - წარმოების, გამოცემის, დისტრიბუციის და სხვა ცნობები
გამოცემის, წარმოების, დისტრიბუციის... ადგილი თბილისი :
გამოცემის, წარმოების, დისტრიბუციის... სახელწოდება ინოვაცია,
გამოცემის, წარმოების, დისტრიბუციის... თარიღი 2011.
300 ## - ფიზიკური აღწერა
Extent 335 გვ.:
Dimensions ნახ. ;
Other physical details 20 სმ.
504 ## - BIBLIOGRAPHY, ETC. NOTE
Bibliography, etc ბიბლიოგრ.: გვ. 329-334.
653 ## - INDEX TERM--UNCONTROLLED
Uncontrolled term ეკოლოგია - მათემატიკური მოდელირება
653 ## - INDEX TERM--UNCONTROLLED
Uncontrolled term მედიცინა - მათემატიკური მოდელირება
700 ## - ADDED ENTRY--PERSONAL NAME
Personal name ჩილაჩავა, თემურ
9 (RLIN) 4161
Relator term ავტორი
700 ## - ADDED ENTRY--PERSONAL NAME
Personal name მელაძე , ჰამლეტ
Relator term რედაქტორი
9 (RLIN) 4162
942 ## - ADDED ENTRY ELEMENTS (KOHA)
Koha item type წიგნი
Source of classification or shelving scheme
ეგზემპლარები
ჩამოწერის სტატუსი დაკარგული ეგზემპლარის სტატუსი კლასიფიკაციის წყარო ან თაროზე გაწყობის სქემა დაზიანების სტატუსი არ გაიცემა მუდმივი მდებარეობა (დაცვის ადგილი) ამჟამინდელი ადგილსამყოფელი თაროზე განთავსების ადგილი შეძენის თარიღი სრული შენახვის შიფრი შტრიხკოდი ბოლო ოპერაციის თარიღი ეგზემპლარის მიმდევრობითი ნომერი (კეტერი?) ფასის ძალაში შესვლის თარიღი ეგზემპლარის სახეობა ღირებულება, შესყიდვის ნორმალური ფასი საჯარო შენიშვნა
          ბათუმის შოთა რუსთაველის სახელმწიფო უნივერსიტეტის მთავარი ბიბლიოთეკა ბათუმის შოთა რუსთაველის სახელმწიფო უნივერსიტეტის მთავარი ბიბლიოთეკა წიგნსაცავი 2018-12-17 519.87:574 + 519.87:61 ძ-63 6059 2018-12-17 6059 2018-12-17 წიგნი    
          ბათუმის შოთა რუსთაველის სახელმწიფო უნივერსიტეტის მთავარი ბიბლიოთეკა ბათუმის შოთა რუსთაველის სახელმწიფო უნივერსიტეტის მთავარი ბიბლიოთეკა წიგნსაცავი 2019-09-20 519.87:574 + 519.87:61 ძ-63 60025 2019-09-20 60025 2019-09-20 წიგნი 12.00 12.00